000 00870nam a22003017a 4500
001 BR0104026
003 BR-BrBNA
005 20230928100944.0
007 ta
008 230509b bl.||||| |||| 00| 0 por d
040 _aBR-BrBNA
_bpor
_cBiblioteca Nacional de Agricultura
041 _a(Por)
072 _aQ03
_b1120
090 _ 1120 BR0104026
100 1 _aCardoso, J.S.
110 1 _aDelegacia Federal de Agricultura de Pernambuco, Recife (Brasil)
_93056
245 1 _aContribuicao ao trabalho de inspecao de mangas para os Estados Unidos da America
260 3 _aRecife, PE (Brasil):
_c1998.
300 _a19 p.
500 _aSummaries (Eng, Por)
650 _aManga
650 _aControle de Qualidade
650 _aHigiene de Alimento
650 _aNormalizacao
650 _aExportacao
909 _a202309
_bLucia
_c55
_dLucia Elande
942 _cBK
999 _c63575
_d63575